<?xml version="1.0" encoding="UTF-8"?>
<collection xmlns="http://www.loc.gov/MARC21/slim">
 <record>
  <leader>02827nam a22002777a 4500</leader>
  <controlfield tag="001">NCT_34915</controlfield>
  <controlfield tag="008">180510b        xxu||||| |||| 00| 0 vie d</controlfield>
  <datafield tag="999" ind1=" " ind2=" ">
   <subfield code="c">1684</subfield>
   <subfield code="d">1684</subfield>
  </datafield>
  <datafield tag="020" ind1=" " ind2=" ">
   <subfield code="a">9786046613640</subfield>
   <subfield code="c">77000</subfield>
  </datafield>
  <datafield tag="082" ind1="0" ind2="4">
   <subfield code="2">23rd ed.</subfield>
   <subfield code="a">615.3</subfield>
   <subfield code="b">B105</subfield>
  </datafield>
  <datafield tag="100" ind1="1" ind2=" ">
   <subfield code="a">Đái Duy Ban</subfield>
   <subfield code="e">Chủ biên</subfield>
  </datafield>
  <datafield tag="245" ind1=" " ind2=" ">
   <subfield code="a">Những phát hiện mới một số hợp chất  thiên nhiên có hoạt tính sinh học của các sinh vật sống dưới nước và áp dụng vào chữa một số bệnh đại dịch thế kỷ</subfield>
   <subfield code="b">: Mỏ vàng dược liệu trong nước</subfield>
   <subfield code="c">Đái Duy Ban</subfield>
  </datafield>
  <datafield tag="260" ind1=" " ind2=" ">
   <subfield code="a">H.</subfield>
   <subfield code="b">Y học</subfield>
   <subfield code="c">2015</subfield>
  </datafield>
  <datafield tag="300" ind1=" " ind2=" ">
   <subfield code="a">247 tr.</subfield>
   <subfield code="b">Bảng</subfield>
   <subfield code="c">21cm</subfield>
  </datafield>
  <datafield tag="500" ind1=" " ind2=" ">
   <subfield code="a">ĐTTS ghi: Trường Đại học Công Nghệ Vạn Xuân</subfield>
  </datafield>
  <datafield tag="520" ind1="3" ind2=" ">
   <subfield code="a">Cuốn sách gồm ba phần chính: Phần A. Các hợp chất thiên nhiên có hoạt tính sinh học cao của các sinh vật sống dưới nước gồm các nhóm polysaccharide, nhóm chất béo omega 3, nhóm protid, nhóm steroid, nhóm kháng sinh, nhóm chất độc...  Phần B. Các hợp chất thiên nhiên có hoạt tính sinh học của các sinh vật ở dưới nước như động vật, thực vật, vi sinh vật. Với chi tiết 22 loài sinh vật dưới nước.  Phần C. Các hợp chất thiên nhiên có hoạt tính sinh học của các sinh vật chữa các bệnh đại dịch hiện nay như ung thư, tim mạch, cai nghiện (ma túy, thuốc lá, rượu), đái tháo đường, các bệnh virus (HIV), trường sinh bất lão, bệnh thấp khớp, bệnh giáp trạng thiếu iot, và tăng lực nam, nữ và tăng lực trong thể dục thể thao...</subfield>
  </datafield>
  <datafield tag="653" ind1=" " ind2=" ">
   <subfield code="a">Dược học</subfield>
  </datafield>
  <datafield tag="700" ind1="1" ind2=" ">
   <subfield code="a">Đái Duy Cường</subfield>
  </datafield>
  <datafield tag="700" ind1="1" ind2=" ">
   <subfield code="a">Đái Thị Việt Lan</subfield>
  </datafield>
  <datafield tag="942" ind1=" " ind2=" ">
   <subfield code="2">ddc</subfield>
   <subfield code="c">BK</subfield>
  </datafield>
  <datafield tag="952" ind1=" " ind2=" ">
   <subfield code="0">0</subfield>
   <subfield code="1">0</subfield>
   <subfield code="2">ddc</subfield>
   <subfield code="4">0</subfield>
   <subfield code="6">615_300000000000000_B105</subfield>
   <subfield code="7">0</subfield>
   <subfield code="9">8037</subfield>
   <subfield code="a">000001</subfield>
   <subfield code="b">000001</subfield>
   <subfield code="d">2018-05-10</subfield>
   <subfield code="o">615.3 B105</subfield>
   <subfield code="p">MD.10358</subfield>
   <subfield code="r">2018-05-10</subfield>
   <subfield code="v">77000.00</subfield>
   <subfield code="w">2018-05-10</subfield>
   <subfield code="y">BK</subfield>
  </datafield>
  <datafield tag="952" ind1=" " ind2=" ">
   <subfield code="0">0</subfield>
   <subfield code="1">0</subfield>
   <subfield code="2">ddc</subfield>
   <subfield code="4">0</subfield>
   <subfield code="6">615_300000000000000_B105</subfield>
   <subfield code="7">0</subfield>
   <subfield code="9">8038</subfield>
   <subfield code="a">000001</subfield>
   <subfield code="b">000001</subfield>
   <subfield code="d">2018-05-10</subfield>
   <subfield code="o">615.3 B105</subfield>
   <subfield code="p">MD.10359</subfield>
   <subfield code="r">2018-05-10</subfield>
   <subfield code="v">77000.00</subfield>
   <subfield code="w">2018-05-10</subfield>
   <subfield code="y">BK</subfield>
  </datafield>
  <datafield tag="952" ind1=" " ind2=" ">
   <subfield code="0">0</subfield>
   <subfield code="1">0</subfield>
   <subfield code="2">ddc</subfield>
   <subfield code="4">0</subfield>
   <subfield code="6">615_300000000000000_B105</subfield>
   <subfield code="7">0</subfield>
   <subfield code="9">8039</subfield>
   <subfield code="a">000001</subfield>
   <subfield code="b">000001</subfield>
   <subfield code="d">2018-05-10</subfield>
   <subfield code="o">615.3 B105</subfield>
   <subfield code="p">MD.10360</subfield>
   <subfield code="r">2018-05-10</subfield>
   <subfield code="v">77000.00</subfield>
   <subfield code="w">2018-05-10</subfield>
   <subfield code="y">BK</subfield>
  </datafield>
  <datafield tag="952" ind1=" " ind2=" ">
   <subfield code="0">0</subfield>
   <subfield code="1">0</subfield>
   <subfield code="2">ddc</subfield>
   <subfield code="4">0</subfield>
   <subfield code="6">615_300000000000000_B105</subfield>
   <subfield code="7">0</subfield>
   <subfield code="9">8040</subfield>
   <subfield code="a">000001</subfield>
   <subfield code="b">000001</subfield>
   <subfield code="d">2018-05-10</subfield>
   <subfield code="l">4</subfield>
   <subfield code="m">2</subfield>
   <subfield code="o">615.3 B105</subfield>
   <subfield code="p">MD.10361</subfield>
   <subfield code="r">2020-07-14</subfield>
   <subfield code="s">2020-07-14</subfield>
   <subfield code="v">77000.00</subfield>
   <subfield code="w">2018-05-10</subfield>
   <subfield code="y">BK</subfield>
  </datafield>
  <datafield tag="952" ind1=" " ind2=" ">
   <subfield code="0">0</subfield>
   <subfield code="1">0</subfield>
   <subfield code="2">ddc</subfield>
   <subfield code="4">0</subfield>
   <subfield code="6">615_300000000000000_B105</subfield>
   <subfield code="7">0</subfield>
   <subfield code="9">8041</subfield>
   <subfield code="a">000001</subfield>
   <subfield code="b">000001</subfield>
   <subfield code="d">2018-05-10</subfield>
   <subfield code="o">615.3 B105</subfield>
   <subfield code="p">MD.10362</subfield>
   <subfield code="r">2018-05-10</subfield>
   <subfield code="v">77000.00</subfield>
   <subfield code="w">2018-05-10</subfield>
   <subfield code="y">BK</subfield>
  </datafield>
  <datafield tag="980" ind1=" " ind2=" ">
   <subfield code="a">Thư viện Trường Đại học Nam Cần Thơ</subfield>
  </datafield>
 </record>
</collection>
